00866 a2200265 4500003000700000005001700007008004100024020001800065040002500083041000800108050001400116100001800130245012900148250001700277260004300294300003600337336002800373337003000401338002700431650005500458700002000513700002200533700002600555700001900581CBULib20240201103810.0231127b |||||||| |||| 00| 0 eng d a9780323481953 bEnglishcCBULiberda aeng aRC 76 Bal aBall, Jane W. aSeidel's guide to physical examination : an interprofessional approachc/ by Jane W. Ball ; Joyce E. Dains and John A. Flynn a9th edition. bElsevier,c2019.aSt Louis, Missouri : axiii, 704 pages : illustrations 2rdacontentaText |btxt 2rdamediaaUnmediated |bn 2rdacarrieraVolumebnc 02Library of CongressaPHYSICAL EXAMINATION--METHODS aDains, Joyce E. aSolomon, Barry S. aStewart , Rosalyn W. aFlynn, John A.